000 00840cam a2200325 4500500
005 20260405003528.0
041 _afre
042 _adc
100 1 0 _aEnjalbert, Cédric
_eauthor
245 0 0 _aPar ici la sortie de crises
260 _c2022.
500 _a7
690 _aAction
690 _aAngoisse
690 _aBonheur
690 _aCollectif
690 _aCovid
690 _aCrise
690 _aDiscipline
690 _aEngagement
690 _aLucide
690 _alucidité
690 _aMédecine
690 _aMiguel Benasayag
690 _aMilitantisme
690 _aPassion
690 _aSolitude
786 0 _nPhilosophie magazine | 161 | 8 | 2022-07-01 | p. 30-32 | 1951-1787
856 4 1 _uhttps://shs.cairn.info/magazine-philosophie-magazine-2022-8-page-30?lang=fr&redirect-ssocas=7080
999 _c2068411
_d2068411